| 000 | 00484nam a22001697a 4500 | ||
|---|---|---|---|
| 005 | 20251108164120.0 | ||
| 008 | 250721s1993 xx 000 0 ara d | ||
| 082 | 1 | 4 | _a301.01/سيد |
| 100 | 1 | _aشتا، السيد علي | |
| 245 | 1 | 0 | _aنظرية علم الإجتماع / |
| 264 | 1 |
_aالاسكندريه : _bمؤسسة شباب الجامعة، _c1993. |
|
| 300 | _a462ص | ||
| 650 | 1 | 7 | _aعلم الإجتماع |
| 650 | 1 | 7 | _aالفلسفة |
| 942 |
_2ddc _cBK |
||
| 999 |
_c4010 _d4010 |
||